00000000nam##2200000za#4500
0019.647766
003CaOODSP
00520210615112748
007ta
008150407|2001||||xxc|||||     f|0| 0 eng|d
020 |a0-662-29023-2
040 |aCaOODSP|beng
043 |an-cn---
0861 |aH49-140/2001E
1101 |aCanada.|bHealth Canada. |bPopulation and Public Health Branch.
24512|aA conceptual and epidemiological framework for child maltreatment surveillance / |cprepared by David A. Wolfe and Lilian Yuan.
260 |aOttawa - Ontario : |bHealth Canada. |c2001.
300 |avi, 79p. : |breferences ; |c28 cm.
563 |aSpiral binding
590 |a02-01|b2002-01-04
69007|aViolence against children|2gcpds
69007|aEpidemiology|2gcpds
7201 |aWolfe, David A.
7201 |aYuan, Lilian
77508|tUn cadre conceptuel et épidémiologique pour la surveillance de l'enfance maltraitée / |w(CaOODSP)9.681147
7760#|tA conceptual and epidemiological framework for child maltreatment surveillance / |w(CaOODSP)9.695425